| 000 | 00888cam a22002771 4500 | ||
|---|---|---|---|
| 001 | sa 66007984 | ||
| 003 | DLC | ||
| 005 | 20260227112309.0 | ||
| 008 | 890711s1966 ii h b 000 0 hino | ||
| 010 | _asa 66007984 | ||
| 035 | _a(OCoLC)19993370 | ||
| 040 |
_aDLC _cWaU _dNRU _dDLC |
||
| 041 | 0 | _ahineng | |
| 042 | _apremarc | ||
| 043 | _aa-ii--- | ||
| 050 | 0 | 0 |
_aZ186.I4 _bK7 |
| 100 | 0 |
_aKr̥shṇācārya, _d1917- |
|
| 245 | 1 | 0 |
_aHindī ke ādi mudrita grantha. _c[Saṅkalanakartā] Kr̥shṇācr̄ya. |
| 250 | _a[1. saṃskaraṇa. | ||
| 260 |
_aVārāṇasī] _bBhāratīya Jñānapīṭha Prakāśana _c[1966] |
||
| 300 |
_a11, 55, 199, 44, 11 p. _bfacsims. _c22 cm. |
||
| 490 | 0 |
_aJñānapīṭha lokodaya granthamālā, _vgrathāṅka 210 |
|
| 500 | _aEnglish or Hindi; foreword in Hindi. | ||
| 504 | _aBibliographical footnotes. | ||
| 650 | 0 |
_aPrinting _zIndia _xHistory. |
|
| 999 |
_c71555 _d71555 |
||